| 000 | 00613nam a2200205 u 4500 | ||
|---|---|---|---|
| 001 | 000818184 | ||
| 003 | AM-YeHGA | ||
| 005 | 20250617144530.0 | ||
| 008 | 110621s1919 fr r 000 0 fre d | ||
| 040 | _aAM-YeHGA | ||
| 041 | 0 | _afre | |
| 100 | 1 |
_aRacine, Jean, _d1639-1699. |
|
| 245 | 1 | 0 |
_aTheatre choisi / _cRacine ; Avec une introduction des etudes, des notes, une grammaire et un lexique par G. Le Bidois. |
| 250 | _a14. ed. | ||
| 260 |
_aParis : _bJ. de Gigord, _c1919. |
||
| 300 |
_axxviii, 496 p. : _bportr. |
||
| 650 | 1 | 4 |
_aFrench literature _xPlays |
| 700 | 1 |
_aBidois, G. Le _4aui |
|
| 090 | _c297450 | ||
| 999 |
_c295760 _d295760 |
||